| 000 | 00789nam a2200277 i 4500 | ||
|---|---|---|---|
| 999 |
_c7700 _d7700 |
||
| 001 | 7700 | ||
| 003 | BD-JhCC | ||
| 005 | 20181006174907.0 | ||
| 008 | 770818s1977 maua b 001 0 eng | ||
| 020 | _a0395245478 | ||
| 035 | _a(BD-JhCC)7700 | ||
| 040 |
_aDLC _cDLC _dDLC |
||
| 041 | _aeng | ||
| 050 | 0 | 0 |
_aPN4145 _b.L35 1977 |
| 082 | 0 | 0 |
_a808.5/4 _bLEE 1977 |
| 100 | 1 | _aLee, Charlotte I. | |
| 245 | 0 | 0 |
_aOral interpretation / _cCharlotte I. Lee, Frank Galati ; [drawings by Michael Crawford]. |
| 250 | _a3rd ed. | ||
| 260 |
_aBoston : _bHoughton Mifflin, _cc1977. |
||
| 300 |
_axviii, 568 p. : _bill. ; _c25 cm. |
||
| 504 | _aIncludes bibliographies and index. | ||
| 650 | 0 | _aOral interpretation. | |
| 700 | 1 | _aGalati, Frank, | |
| 942 |
_2ddc _cBK |
||